000
00320 a2200157 4500
001
178446
020
_a
040
_c
Magnum
100
_a
Azevedo, Ricardo
240
1
0
_a
Alguma coisa
_l
por
245
1
0
_a
Alguma coisa
362
0
_a
1899
440
1
_a
FTD
697
_a
MAGNITO: IJ/AVENTURA, CRIANCAS
942
_c
BK
999
_c
178446
_d
178446